<?xml version="1.0" encoding="UTF-8"?>
<record
    xmlns:xsi="http://www.w3.org/2001/XMLSchema-instance"
    xsi:schemaLocation="http://www.loc.gov/MARC21/slim http://www.loc.gov/standards/marcxml/schema/MARC21slim.xsd"
    xmlns="http://www.loc.gov/MARC21/slim">

  <leader>01512nam a2200301 a 4500</leader>
  <controlfield tag="001">000041587</controlfield>
  <controlfield tag="005">20201002035643.0</controlfield>
  <controlfield tag="008">131011s2005    sp abf        001 0 spa d</controlfield>
  <datafield tag="020" ind1=" " ind2=" ">
    <subfield code="a">849744048X</subfield>
  </datafield>
  <datafield tag="040" ind1=" " ind2=" ">
    <subfield code="a">DO-SdBNP</subfield>
    <subfield code="b">spa</subfield>
    <subfield code="c">BNPHU</subfield>
  </datafield>
  <datafield tag="082" ind1=" " ind2=" ">
    <subfield code="a">xxxx</subfield>
    <subfield code="b">xxxx</subfield>
  </datafield>
  <datafield tag="100" ind1="1" ind2=" ">
    <subfield code="a">Centero, Justo G.</subfield>
    <subfield code="q">Justo Germ&#xE1;n</subfield>
    <subfield code="9">68349</subfield>
  </datafield>
  <datafield tag="245" ind1="1" ind2="4">
    <subfield code="a">Los Ingenios. :</subfield>
    <subfield code="b">colecci&#xF3;n de vistas de los principales ingenios de az&#xFA;car de la isla de Cuba /</subfield>
    <subfield code="c">texto redactado por Justo G. Centero; con l&#xE1;minas dibujadas del natural y litografiadas por Eduardo Laplante; editores, Lu&#xED;s Miguel Garc&#xED;a Mora, Antonio Santamar&#xED;a Garc&#xED;a.</subfield>
  </datafield>
  <datafield tag="246" ind1="1" ind2="4">
    <subfield code="a">Los ingenios de la isla de Cuba</subfield>
  </datafield>
  <datafield tag="260" ind1=" " ind2=" ">
    <subfield code="a">[Madrid] :</subfield>
    <subfield code="b">CEDEX</subfield>
    <subfield code="b">Doce Calles</subfield>
    <subfield code="b">Fundaci&#xF3;n Mapfre</subfield>
    <subfield code="b">CSIC,</subfield>
    <subfield code="c">[2005].</subfield>
  </datafield>
  <datafield tag="300" ind1=" " ind2=" ">
    <subfield code="a">451 p. :</subfield>
    <subfield code="b">il., mapas, lam. ;</subfield>
    <subfield code="c">35 cm.</subfield>
  </datafield>
  <datafield tag="490" ind1="1" ind2=" ">
    <subfield code="a">Antilia</subfield>
    <subfield code="a">Maior</subfield>
  </datafield>
  <datafield tag="500" ind1=" " ind2=" ">
    <subfield code="a">Incluye &#xED;ndice anal&#xED;tico p: 429-451</subfield>
  </datafield>
  <datafield tag="504" ind1=" " ind2=" ">
    <subfield code="a">Bibliograf&#xED;a p: 415-428</subfield>
  </datafield>
  <datafield tag="500" ind1=" " ind2=" ">
    <subfield code="a">Incluye notas y referencias bibliograf&#xED;as al pie de p&#xE1;ginas</subfield>
  </datafield>
  <datafield tag="533" ind1=" " ind2=" ">
    <subfield code="a">Fasc&#xED;mil: Los ingenios, colecci&#xF3;n de vistas de los principales ingenios de az&#xFA;car de la isla de Cuba</subfield>
    <subfield code="b">La Habana, Cuba</subfield>
    <subfield code="c">Impreso en la litograf&#xED;a de Luis Marquier</subfield>
    <subfield code="d">1857</subfield>
  </datafield>
  <datafield tag="700" ind1="1" ind2=" ">
    <subfield code="a">Laplante, Eduardo</subfield>
    <subfield code="e">lit.</subfield>
    <subfield code="9">68350</subfield>
  </datafield>
  <datafield tag="700" ind1="1" ind2=" ">
    <subfield code="a">Garc&#xED;a Mora, Lu&#xED;s Miguel</subfield>
    <subfield code="e">ed.</subfield>
    <subfield code="9">44140</subfield>
  </datafield>
  <datafield tag="700" ind1="1" ind2=" ">
    <subfield code="a">Santamar&#xED;a Garc&#xED;a, Antonio</subfield>
    <subfield code="e">ed.</subfield>
    <subfield code="9">67993</subfield>
  </datafield>
  <datafield tag="710" ind1="2" ind2=" ">
    <subfield code="a">Centro de Estudios para el Desarrollo Exportador</subfield>
    <subfield code="9">68351</subfield>
  </datafield>
  <datafield tag="710" ind1="2" ind2=" ">
    <subfield code="a">Consejo Superior de Investigaciones Cient&#xED;ficas</subfield>
    <subfield code="9">4786</subfield>
  </datafield>
  <datafield tag="830" ind1=" " ind2="0">
    <subfield code="a">Antilia</subfield>
    <subfield code="p">Maior</subfield>
    <subfield code="9">68352</subfield>
  </datafield>
  <datafield tag="952" ind1=" " ind2=" ">
    <subfield code="0">0</subfield>
    <subfield code="1">0</subfield>
    <subfield code="5">0</subfield>
    <subfield code="7">1</subfield>
    <subfield code="8">MO</subfield>
    <subfield code="a">GR</subfield>
    <subfield code="b">GR</subfield>
    <subfield code="c">CT</subfield>
    <subfield code="d">2013-10-11</subfield>
    <subfield code="i">LF1</subfield>
    <subfield code="l">0</subfield>
    <subfield code="o">xxxx xxxx</subfield>
    <subfield code="p">41587-10</subfield>
    <subfield code="r">2020-06-25</subfield>
    <subfield code="w">2020-06-25</subfield>
    <subfield code="y">1</subfield>
    <subfield code="Z">No se presta</subfield>
  </datafield>
  <datafield tag="999" ind1=" " ind2=" ">
    <subfield code="c">41077</subfield>
    <subfield code="d">41077</subfield>
  </datafield>
</record>
